000 00792nam a22002057a 4500
999 _c13465
_d13465
008 190325b ||||| |||| 00| 0 eng d
020 _a9781118955406
082 _22015
_aAV-Eb 153.42
_bD622
100 _aDiYanni, Robert.
_914758
245 _aCritical and creative thinking :
_ba brief guide for teachers /
_cRobert DiYanni.
250 _aFirst Edition
260 _aUnited Kindgom:
_bJohn Wiley & Sons, Incorporated,
_c©2015.
300 _a215 pages;
500 _aIncludes index.
650 _aCreative thinking -- Handbooks, manuals, etc.
_937678
650 _aCritical thinking -- Handbooks, manuals, etc.
_937679
650 _aTeachers -- Psychology.
_937680
856 _yhttps://ebookcentral.proquest.com/lib/uniofmindanao-ebooks/detail.action?docID=4040151
942 _2ddc
_cEB